[Event "Mittelrhein Regionalliga 1920"]
[Site "Mittelrhein"]
[Date "2020.02.16"]
[Round "6.2"]
[White "Pragua, Christoph P"]
[Black "Konzen, Horst"]
[Result "1/2-1/2"]
[WhiteElo "2031"]
[BlackElo "1941"]
[PlyCount "93"]
[EventDate "2019.09.29"]
[EventType "team-tourn"]
[EventRounds "9"]
[EventCountry "GER"]
[SourceTitle "EXT 2023"]
[Source "ChessBase"]
[SourceDate "2022.10.05"]
[SourceVersion "1"]
[SourceVersionDate "2022.10.05"]
[SourceQuality "1"]
[WhiteTeam "Koeln SF II"]
[BlackTeam "Niederkassel II"]
[WhiteTeamCountry "GER"]
[BlackTeamCountry "GER"]

1. d4 d5 2. Nf3 c6 3. c4 e6 4. e3 f5 5. Bd3 Nf6 6. 0-0 Bd6 7. b3 0-0 8. Ba3 Bxa3 9. Nxa3 Qe7 10. Nb1 Ne4 11. Ne5 Nd7 12. f4 Nxe5 13. fxe5 Bd7 14. Nd2 Kh8 15. Nxe4 fxe4 16. Be2 Rxf1+ 17. Bxf1 Rf8 18. Be2 c5 19. dxc5 Qxc5 20. Qd4 Qa5 21. a3 a6 22. b4 Qc7 23. c5 Ba4 24. Rf1 Kg8 25. Rxf8+ Kxf8 26. Kf2 Qe7 27. g3 Qf7+ 28. Kg1 Qf5 29. Qc3 Bc6 30. Qa1 Ba4 31. Qf1 Ke7 32. Qa1 h5 33. h4 g6 34. Kg2 Bb5 35. Bxb5 Qf3+ 36. Kh2 Qf2+ 37. Kh3 axb5 38. Qc3 Qf1+ 39. Kh2 Qd3 40. Qe1 Qc2+ 41. Kh3 Qb2 42. Qf1 Qxe5 43. Qxb5 Qf5+ 44. Kh2 Qf2+ 45. Kh1 Qf3+ 46. Kh2 Qf2+ 47. Kh1 1/2-1/2

[Event "Mittelrhein Regionalliga 1920"]
[Site "Mittelrhein"]
[Date "2020.01.19"]
[Round "5.2"]
[White "Konzen, Horst"]
[Black "Lamby, Philipp"]
[Result "1/2-1/2"]
[WhiteElo "1941"]
[BlackElo "2153"]
[PlyCount "68"]
[EventDate "2019.09.29"]
[EventType "team-tourn"]
[EventRounds "9"]
[EventCountry "GER"]
[SourceTitle "EXT 2023"]
[Source "ChessBase"]
[SourceDate "2022.10.05"]
[SourceVersion "1"]
[SourceVersionDate "2022.10.05"]
[SourceQuality "1"]
[WhiteTeam "Niederkassel II"]
[BlackTeam "Aachen SV II"]
[WhiteTeamCountry "GER"]
[BlackTeamCountry "GER"]

1. d4 Nf6 2. Nf3 e6 3. e3 b6 4. Bd3 Bb7 5. Nbd2 c5 6. 0-0 Nc6 7. a3 Be7 8. b3 0-0 9. Bb2 Qc7 10. Qe2 cxd4 11. exd4 Nd5 12. g3 f5 13. c4 Nf6 14. Rac1 Rae8 15. Qd1 Nd8 16. b4 Ne4 17. b5 Ba8 18. Qc2 Qb7 19. Be2 Nxd2 20. Qxd2 Nf7 21. Rcd1 Ng5 22. d5 Ne4 23. Qd3 exd5 24. Qxd5+ Qxd5 25. cxd5 Bc5 26. Bc4 Nd6 27. Nd2 f4 28. g4 f3 29. h3 Re2 30. Bc1 Rxd2 31. Rxd2 Nxc4 32. Rd3 Re8 33. Rfd1 Nd6 34. Rxf3 Nxb5 1/2-1/2

[Event "Mittelrhein Regionalliga 1920"]
[Site "Mittelrhein"]
[Date "2019.09.29"]
[Round "1.2"]
[White "Schaller, Tobias"]
[Black "Konzen, Horst"]
[Result "1/2-1/2"]
[WhiteElo "2016"]
[BlackElo "1972"]
[PlyCount "41"]
[EventDate "2019.09.29"]
[EventType "team-tourn"]
[EventRounds "9"]
[EventCountry "GER"]
[SourceTitle "EXT 2023"]
[Source "ChessBase"]
[SourceDate "2022.10.05"]
[SourceVersion "1"]
[SourceVersionDate "2022.10.05"]
[SourceQuality "1"]
[WhiteTeam "Herzogenrath"]
[BlackTeam "Niederkassel II"]
[WhiteTeamCountry "GER"]
[BlackTeamCountry "GER"]

1. d4 Nf6 2. Bf4 g6 3. e3 Bg7 4. h3 d6 5. Nf3 0-0 6. Be2 b6 7. 0-0 Bb7 8. Nbd2 Nbd7 9. c3 Qe8 10. Nc4 h6 11. Bh2 Ne4 12. a4 a6 13. Nfd2 e5 14. Nxe4 Bxe4 15. Bf3 Bxf3 16. Qxf3 e4 17. Qe2 f5 18. a5 b5 19. Nd2 Qe6 20. c4 Rab8 21. Rac1 1/2-1/2

[Event "Mittelrhein Verbandsliga-S 17/18"]
[Site "Nordrheinwestfalen"]
[Date "2018.03.18"]
[Round "9.2"]
[White "Akstinat, Sven Holger"]
[Black "Konzen, Horst"]
[Result "1-0"]
[WhiteElo "1962"]
[BlackElo "1956"]
[PlyCount "101"]
[EventDate "2017.09.10"]
[EventType "team-tourn"]
[EventRounds "11"]
[EventCountry "GER"]
[SourceTitle "EXT 2022"]
[Source "ChessBase"]
[SourceDate "2021.10.06"]
[SourceVersion "1"]
[SourceVersionDate "2021.10.06"]
[SourceQuality "1"]
[WhiteTeam "Lohmar"]
[BlackTeam "Niederkassel II"]
[WhiteTeamCountry "GER"]
[BlackTeamCountry "GER"]

1. e4 c5 2. c3 d5 3. exd5 Qxd5 4. d4 Nf6 5. Nf3 Bg4 6. Be2 e6 7. h3 Bh5 8. Be3 cxd4 9. cxd4 Nc6 10. Nc3 Qa5 11. 0-0 Be7 12. Qb3 Qb4 13. Qxb4 Bxb4 14. a3 Bd6 15. Rfd1 Rd8 16. g4 Bg6 17. g5 Ne4 18. Nh4 Nxc3 19. bxc3 Bc2 20. Rd2 Ba4 21. Rb2 b6 22. Nf3 0-0 23. c4 Ne7 24. c5 Bc7 25. Rc1 Nd5 26. Rc4 b5 27. Rc1 Rb8 28. Bd2 f6 29. h4 Rfd8 30. Bf1 a6 31. Re1 Re8 32. Bd3 Re7 33. Be4 Rd8 34. Kh1 Kh8 35. Rg1 f5 36. Bb1 e5 37. Bxf5 e4 38. Ne5 Bxe5 39. dxe5 Rxe5 40. Bg4 Ne7 41. Rc1 Nc6 42. Be3 Kg8 43. Bf4 Ree8 44. Re1 Rd3 45. Bd6 Nb8 46. Rb4 Bc2 47. Bxb8 Rxb8 48. Rc1 a5 49. Rb2 Rxa3 50. Rcxc2 b4 51. c6 1-0

[Event "Mittelrhein Verbandsliga-S 17/18"]
[Site "Nordrheinwestfalen"]
[Date "2018.02.25"]
[Round "8.3"]
[White "Goldenstein, Arnd"]
[Black "Konzen, Horst"]
[Result "1/2-1/2"]
[WhiteElo "1979"]
[BlackElo "1956"]
[PlyCount "117"]
[EventDate "2017.09.10"]
[EventType "team-tourn"]
[EventRounds "11"]
[EventCountry "GER"]
[SourceTitle "EXT 2022"]
[Source "ChessBase"]
[SourceDate "2021.10.06"]
[SourceVersion "1"]
[SourceVersionDate "2021.10.06"]
[SourceQuality "1"]
[WhiteTeam "Koeln SF III"]
[BlackTeam "Niederkassel II"]
[WhiteTeamCountry "GER"]
[BlackTeamCountry "GER"]

1. d4 Nf6 2. c4 g6 3. Nc3 Bg7 4. e4 d6 5. Nf3 0-0 6. Be2 e5 7. 0-0 Nc6 8. d5 Ne7 9. b4 a5 10. Ba3 Ne8 11. Rc1 axb4 12. Bxb4 b6 13. a4 h6 14. Qb3 Kh8 15. a5 bxa5 16. Ra1 c5 17. dxc6 Nxc6 18. Ba3 f5 19. Rad1 a4 20. Qc2 Nd4 21. Nxd4 exd4 22. Nb5 Bb7 23. exf5 Rxf5 24. Nxd4 Qg5 25. g3 Rf6 26. Nb5 Re6 27. Rd2 Qf6 28. Qd1 Rd8 29. c5 d5 30. Nd4 Re4 31. Bb2 Qe7 32. Bf3 Nf6 33. c6 Bc8 34. Bxe4 Nxe4 35. Re2 a3 36. Ba1 Qa7 37. Kg2 Qc5 38. Ne6 Bxe6 39. Rxe4 Qxc6 40. Bxg7+ Kxg7 41. Qd4+ Kh7 42. Re5 Rd7 43. Ra1 Qd6 44. Re3 Rc7 45. Rexa3 Qd7 46. Ra7 Bh3+ 47. Kg1 Kg8 48. Qb6 Rxa7 49. Rxa7 Qe8 50. Qb4 Qc8 51. Qf4 Qe8 52. Qb4 h5 53. Qa5 d4 54. Ra8 Bc8 55. Qd5+ Kh7 56. Ra7+ Kh6 57. h4 Qe1+ 58. Kg2 Bf5 59. Rh7+ 1/2-1/2

[Event "Mittelrhein Verbandsliga-S 17/18"]
[Site "Nordrheinwestfalen"]
[Date "2018.02.04"]
[Round "7.3"]
[White "Konzen, Horst"]
[Black "Khachatryan, Artur"]
[Result "1/2-1/2"]
[WhiteElo "1956"]
[BlackElo "1765"]
[PlyCount "34"]
[EventDate "2017.09.10"]
[EventType "team-tourn"]
[EventRounds "11"]
[EventCountry "GER"]
[SourceTitle "EXT 2022"]
[Source "ChessBase"]
[SourceDate "2021.10.06"]
[SourceVersion "1"]
[SourceVersionDate "2021.10.06"]
[SourceQuality "1"]
[WhiteTeam "Niederkassel II"]
[BlackTeam "Satranc Club"]
[WhiteTeamCountry "GER"]
[BlackTeamCountry "GER"]

1. d4 Nf6 2. c4 e6 3. Nc3 Bb4 4. e3 0-0 5. Bd3 d5 6. Qc2 Nc6 7. Nf3 dxc4 8. Bxc4 Bd6 9. 0-0 a6 10. a3 b5 11. Bd3 Bb7 12. b4 e5 13. dxe5 Nxe5 14. Nxe5 Bxe5 15. h3 Nd5 16. Bb2 Qd7 17. Rac1 f5 1/2-1/2

[Event "Mittelrhein Verbandsliga-S 17/18"]
[Site "Nordrheinwestfalen"]
[Date "2018.01.14"]
[Round "6.3"]
[White "Kessler, Ulrich"]
[Black "Konzen, Horst"]
[Result "1-0"]
[WhiteElo "1881"]
[BlackElo "1956"]
[PlyCount "95"]
[EventDate "2017.09.10"]
[EventType "team-tourn"]
[EventRounds "11"]
[EventCountry "GER"]
[SourceTitle "EXT 2022"]
[Source "ChessBase"]
[SourceDate "2021.10.06"]
[SourceVersion "1"]
[SourceVersionDate "2021.10.06"]
[SourceQuality "1"]
[WhiteTeam "Troisdorf"]
[BlackTeam "Niederkassel II"]
[WhiteTeamCountry "GER"]
[BlackTeamCountry "GER"]

1. Nf3 Nf6 2. c4 g6 3. g3 Bg7 4. Bg2 0-0 5. Nc3 d6 6. 0-0 e5 7. d3 Re8 8. Bd2 c6 9. Qc1 d5 10. Bg5 dxc4 11. dxc4 Qc7 12. Rd1 Be6 13. b3 Nbd7 14. Rb1 a5 15. h3 Kh8 16. Bh6 Rad8 17. Bxg7+ Kxg7 18. Qe3 Bf5 19. Rb2 h5 20. Rbd2 Re7 21. Nh4 Be6 22. Qg5 Rde8 23. Ne4 Nxe4 24. Bxe4 Nf8 25. Rd6 f6 26. Nf5+ Kf7 27. Nh6+ Kg7 28. Nf5+ Kf7 29. Nh6+ Kg7 30. Qe3 Bxh3 31. g4 Bxg4 32. Nxg4 hxg4 33. Qg3 Rd7 34. Rxd7+ Nxd7 35. Qxg4 Nf8 36. Bxg6 Nxg6 37. Rd7+ Re7 38. Rxc7 Rxc7 39. e3 c5 40. f4 exf4 41. exf4 Kf7 42. Qh5 Kg7 43. Qd5 Re7 44. Qxc5 Re1+ 45. Kf2 Ra1 46. Qxa5 Kh6 47. Qd2 Kh5 48. Qb2 1-0

[Event "Mittelrhein Verbandsliga-O 16/17"]
[Site "Nordrheinwestfalen"]
[Date "2017.03.19"]
[Round "9.3"]
[White "Wambach, Patrick"]
[Black "Konzen, Horst"]
[Result "1/2-1/2"]
[WhiteElo "1920"]
[BlackElo "1937"]
[PlyCount "103"]
[EventDate "2016.09.11"]
[EventType "team-tourn"]
[EventRounds "11"]
[EventCountry "GER"]
[SourceTitle "EXT 2022"]
[Source "ChessBase"]
[SourceDate "2021.10.06"]
[SourceVersion "1"]
[SourceVersionDate "2021.10.06"]
[SourceQuality "1"]
[WhiteTeam "Siebengebirge"]
[BlackTeam "Niederkassel II"]
[WhiteTeamCountry "GER"]
[BlackTeamCountry "GER"]

1. Nf3 Nf6 2. c4 g6 3. g3 Bg7 4. Bg2 0-0 5. 0-0 d6 6. Nc3 c6 7. d3 e5 8. c5 Re8 9. cxd6 Qxd6 10. Ng5 Nbd7 11. Qb3 Qe7 12. Nge4 h6 13. Be3 Kh7 14. Nxf6+ Nxf6 15. Rac1 Ng4 16. Bd2 f5 17. Qa4 Be6 18. Nd1 Qf7 19. Nc3 Red8 20. h3 Nf6 21. Be3 Nd5 22. Nxd5 Bxd5 23. Bxd5 Rxd5 24. Rc5 Bf8 25. Rxd5 Qxd5 26. Rc1 a6 27. Qc4 Qd7 28. Bc5 Bg7 29. Bb4 Re8 30. Bc3 g5 31. a4 h5 32. a5 Rf8 33. Qc5 Re8 34. Qe3 f4 35. gxf4 exf4 36. Qf3 Kg6 37. Kh2 Bf8 38. Rg1 Bd6 39. Bd2 Kh6 40. h4 g4 41. Bxf4+ Kh7 42. Qg3 Bxf4 43. Qxf4 Rxe2 44. Rc1 Qd5 45. b4 Qe5 46. Qxe5 Rxe5 47. Rc5 Rxc5 48. bxc5 Kg6 49. Kg3 Kf5 50. f3 gxf3 51. Kxf3 Ke5 52. Ke3 1/2-1/2

[Event "Mittelrhein Verbandsliga-O 15/16"]
[Site "Nordrheinwestfalen"]
[Date "2016.04.10"]
[Round "10"]
[White "Konzen, Horst"]
[Black "Schwarz, Andreas"]
[Result "1/2-1/2"]
[WhiteElo "1946"]
[BlackElo "2054"]
[PlyCount "26"]
[EventDate "2015.09.06"]
[EventType "team-tourn"]
[EventRounds "11"]
[EventCountry "GER"]
[SourceTitle "EXT 2022"]
[Source "ChessBase"]
[SourceDate "2021.10.06"]
[SourceVersion "1"]
[SourceVersionDate "2021.10.06"]
[SourceQuality "1"]
[WhiteTeam "Niederkassel II"]
[BlackTeam "Troisdorf"]
[WhiteTeamCountry "GER"]
[BlackTeamCountry "GER"]

1. d4 Nf6 2. Nf3 g6 3. Nbd2 d5 4. g3 Bg7 5. Bg2 0-0 6. 0-0 c5 7. dxc5 Qc7 8. Nb3 e5 9. c3 Rd8 10. h3 h6 11. Be3 Nc6 12. Qc1 Kh7 13. Rd1 Be6 1/2-1/2

[Event "Mittelrhein Verbandsliga-O 15/16"]
[Site "Nordrheinwestfalen"]
[Date "2015.11.15"]
[Round "4"]
[White "Konzen, Horst"]
[Black "Paulus, Jeffrey"]
[Result "1-0"]
[WhiteElo "1954"]
[BlackElo "1951"]
[PlyCount "83"]
[EventDate "2015.09.06"]
[EventType "team-tourn"]
[EventRounds "11"]
[EventCountry "GER"]
[SourceTitle "EXT 2022"]
[Source "ChessBase"]
[SourceDate "2021.10.06"]
[SourceVersion "1"]
[SourceVersionDate "2021.10.06"]
[SourceQuality "1"]
[WhiteTeam "Niederkassel II"]
[BlackTeam "Porz SG IV"]
[WhiteTeamCountry "GER"]
[BlackTeamCountry "GER"]

1. d4 g6 2. c4 Bg7 3. Nc3 d6 4. e4 Nf6 5. f3 c6 6. Be3 0-0 7. Qd2 Qc7 8. Nge2 e5 9. d5 Na6 10. Nc1 Ne8 11. Nd3 f5 12. Be2 Qe7 13. 0-0-0 Bd7 14. Kb1 Nac7 15. Rhf1 b5 16. dxc6 Bxc6 17. Nb4 Bb7 18. cxb5 fxe4 19. fxe4 Rxf1 20. Rxf1 Qh4 21. Bd3 Qxh2 22. Bc4+ Kh8 23. Bg5 Qg3 24. Rf3 Qg4 25. Qf2 Ne6 26. Bxe6 Qxe6 27. Nbd5 Bxd5 28. exd5 Qg8 29. Rf7 h6 30. Bd2 g5 31. Rxa7 Nf6 32. Rxa8 Qxa8 33. Kc1 Qc8 34. Kd1 e4 35. Qb6 Qc4 36. Qc6 Qf1+ 37. Kc2 Qd3+ 38. Kb3 Qxd2 39. b6 Nxd5 40. b7 Qc2+ 41. Ka3 Nxc3 42. Qc8+ 1-0

[Event "Mittelrhein Verbandsliga-O 15/16"]
[Site "Nordrheinwestfalen"]
[Date "2015.10.18"]
[Round "3"]
[White "Nerstheimer, Rolf"]
[Black "Konzen, Horst"]
[Result "1/2-1/2"]
[WhiteElo "1977"]
[BlackElo "1941"]
[PlyCount "43"]
[EventDate "2015.09.06"]
[EventType "team-tourn"]
[EventRounds "11"]
[EventCountry "GER"]
[SourceTitle "EXT 2022"]
[Source "ChessBase"]
[SourceDate "2021.10.06"]
[SourceVersion "1"]
[SourceVersionDate "2021.10.06"]
[SourceQuality "1"]
[WhiteTeam "Bruehl III"]
[BlackTeam "Niederkassel II"]
[WhiteTeamCountry "GER"]
[BlackTeamCountry "GER"]

1. c4 g6 2. Nc3 Bg7 3. g3 e5 4. Bg2 Nc6 5. d3 d6 6. Nf3 Nge7 7. Rb1 a5 8. Bd2 0-0 9. Qc1 Bg4 10. h3 Bd7 11. 0-0 Kh8 12. e4 Nb4 13. Ne1 c6 14. a3 Na6 15. Ne2 a4 16. Bc3 Nc5 17. Qe3 Nb3 18. f4 c5 19. Nf3 Nd4 20. Rf2 Nec6 21. Rbf1 Qe7 22. fxe5 1/2-1/2

[Event "Mittelrhein Verbandsliga-O 15/16"]
[Site "Nordrheinwestfalen"]
[Date "2015.09.06"]
[Round "1"]
[White "Konzen, Horst"]
[Black "Pissarev, Boris"]
[Result "1-0"]
[WhiteElo "1941"]
[BlackElo "1900"]
[PlyCount "52"]
[EventDate "2015.09.06"]
[EventType "team-tourn"]
[EventRounds "11"]
[EventCountry "GER"]
[SourceTitle "EXT 2022"]
[Source "ChessBase"]
[SourceDate "2021.10.06"]
[SourceVersion "1"]
[SourceVersionDate "2021.10.06"]
[SourceQuality "1"]
[WhiteTeam "Niederkassel II"]
[BlackTeam "Bonn Beuel II"]
[WhiteTeamCountry "GER"]
[BlackTeamCountry "GER"]

1. d4 d5 2. c4 e6 3. Nc3 Nf6 4. cxd5 exd5 5. Bg5 Be7 6. e3 c6 7. Bd3 Nbd7 8. Qc2 0-0 9. Nge2 Re8 10. 0-0 Nf8 11. f3 h6 12. Bh4 Nh5 13. Bf2 Bd6 14. e4 dxe4 15. fxe4 Qg5 16. e5 Be7 17. Ne4 Qg4 18. h3 Qd7 19. g4 g5 20. gxh5 Qxh3 21. N4g3 Bg4 22. Bf5 Ne6 23. Bxg4 Qxg4 24. Qf5 Qh4 25. Be3 Rf8 26. Kg2 Ng7 1-0

[Event "NRW Class1 1415"]
[Site "Germany"]
[Date "2014.11.16"]
[Round "3.8"]
[White "Fuchs, Thomas"]
[Black "Konzen, Horst"]
[Result "1-0"]
[WhiteElo "1958"]
[BlackElo "1894"]
[PlyCount "67"]
[EventDate "2014.09.14"]
[EventType "team-tourn"]
[EventRounds "9"]
[EventCountry "GER"]
[SourceTitle "EXT 2017"]
[Source "ChessBase"]
[SourceDate "2016.10.25"]
[SourceVersion "1"]
[SourceVersionDate "2016.10.25"]
[SourceQuality "1"]
[WhiteTeam "Elberfeld"]
[BlackTeam "Niederkassel"]
[WhiteTeamCountry "GER"]
[BlackTeamCountry "GER"]

1. d4 Nf6 2. Bf4 g6 3. e3 Bg7 4. h3 d6 5. Nf3 0-0 6. Be2 b6 7. 0-0 Bb7 8. c4 c5 9. Nc3 cxd4 10. exd4 d5 11. b3 dxc4 12. bxc4 Nc6 13. d5 Na5 14. Nb5 Ne8 15. Rc1 Nd6 16. Nfd4 a6 17. Nxd6 exd6 18. Be3 Re8 19. Nb3 b5 20. cxb5 axb5 21. Bxb5 Re5 22. Bc6 Nxc6 23. dxc6 Ba6 24. c7 Qe8 25. Qxd6 Bb7 26. Qb6 Rb5 27. Qd6 Rd5 28. Qb4 Rb5 29. Qc4 Bc8 30. Rfd1 Bf6 31. Rd8 Bxd8 32. cxd8Q Qxd8 33. Qxb5 Rxa2 34. Qb8 1-0

[Event "Mittelrhein Verbandsliga Ost 1415"]
[Site "Mittelrhein"]
[Date "2014.11.09"]
[Round "4.3"]
[White "Fuchs, Andreas"]
[Black "Konzen, Horst"]
[Result "0-1"]
[WhiteElo "2001"]
[BlackElo "1894"]
[PlyCount "70"]
[EventDate "2014.09.07"]
[EventType "team-tourn"]
[EventRounds "11"]
[EventCountry "GER"]
[SourceTitle "EXT 2023"]
[Source "ChessBase"]
[SourceDate "2022.10.05"]
[SourceVersion "1"]
[SourceVersionDate "2022.10.05"]
[SourceQuality "1"]
[WhiteTeam "Lohmar"]
[BlackTeam "Niederkassel II"]
[WhiteTeamCountry "GER"]
[BlackTeamCountry "GER"]

1. d4 Nf6 2. Nf3 g6 3. c4 Bg7 4. Nc3 0-0 5. e4 d6 6. Be2 e5 7. 0-0 Nc6 8. d5 Ne7 9. Ne1 Nd7 10. Be3 f5 11. f3 f4 12. Bf2 g5 13. a4 a5 14. Nd3 Nf6 15. Be1 h5 16. Nf2 Rf7 17. Nb5 Bf8 18. b4 axb4 19. Bxb4 Ng6 20. h3 Nh4 21. Qb3 Rg7 22. Rfc1 g4 23. hxg4 hxg4 24. fxg4 Nxg4 25. Nxg4 Bxg4 26. Bxg4 Rxg4 27. Qh3 Qg5 28. Rc2 Rd8 29. Be1 Be7 30. Bxh4 Rxh4 31. Qe6+ Kg7 32. Rf1 Rdh8 33. Rf3 Rh1+ 34. Kf2 Qxg2+ 35. Kxg2 R8h2# 0-1

[Event "Mittelrhein Verbandsliga Ost 1415"]
[Site "Mittelrhein"]
[Date "2014.10.19"]
[Round "3.3"]
[White "Konzen, Horst"]
[Black "Hemmert, Burghard"]
[Result "1-0"]
[WhiteElo "1916"]
[BlackElo "1988"]
[PlyCount "107"]
[EventDate "2014.09.07"]
[EventType "team-tourn"]
[EventRounds "11"]
[EventCountry "GER"]
[SourceTitle "EXT 2023"]
[Source "ChessBase"]
[SourceDate "2022.10.05"]
[SourceVersion "1"]
[SourceVersionDate "2022.10.05"]
[SourceQuality "1"]
[WhiteTeam "Niederkassel II"]
[BlackTeam "Siebengebirge"]
[WhiteTeamCountry "GER"]
[BlackTeamCountry "GER"]

1. d4 d5 2. c4 e6 3. Nc3 Nf6 4. cxd5 exd5 5. Bg5 Be7 6. e3 0-0 7. Bd3 Nbd7 8. Qc2 Re8 9. Nge2 Nf8 10. 0-0 c6 11. f3 h6 12. Bh4 Ne6 13. Rad1 b6 14. Kh1 c5 15. dxc5 g5 16. Bf2 bxc5 17. Ng3 Ng7 18. Bc4 Be6 19. Nxd5 Nxd5 20. Bxd5 Bxd5 21. e4 Bxe4 22. Nxe4 Qb6 23. Rd5 Qa6 24. Rfd1 Rac8 25. Bg3 Qxa2 26. Bd6 Bd8 27. Rxc5 Rxc5 28. Bxc5 Ne6 29. Bb4 Qa6 30. Nd6 Re7 31. Nf5 Rd7 32. Nxh6+ Kg7 33. Nf5+ Kg8 34. Re1 Bf6 35. Nh6+ Kg7 36. Ng4 Rc7 37. Qf5 Bxb2 38. h4 Rb7 39. Bd2 Qb5 40. Qe4 Rd7 41. Qc2 Rc7 42. Qb1 Qb3 43. Bc1 Rb7 44. Bxb2+ Qxb2 45. Qf5 Qc3 46. Re3 Qa1+ 47. Kh2 gxh4 48. Qh5 Kf8 49. Ne5 Qb2 50. Qh8+ Ke7 51. Qxh4+ Ke8 52. Qh8+ Ke7 53. Qh7 Ke8 54. Qg8+ 1-0

[Event "Mittelrhein Verbandsliga Ost 1314"]
[Site "Mittelrhein"]
[Date "2014.03.09"]
[Round "8.3"]
[White "Kautz, Stefan"]
[Black "Konzen, Horst"]
[Result "0-1"]
[WhiteElo "1757"]
[BlackElo "1925"]
[PlyCount "56"]
[EventDate "2013.09.15"]
[EventType "team-tourn"]
[EventRounds "11"]
[EventCountry "GER"]
[SourceTitle "EXT 2023"]
[Source "ChessBase"]
[SourceDate "2022.10.05"]
[SourceVersion "1"]
[SourceVersionDate "2022.10.05"]
[SourceQuality "1"]
[WhiteTeam "Bonn Empor Maulwurf"]
[BlackTeam "Niederkassel II"]
[WhiteTeamCountry "GER"]
[BlackTeamCountry "GER"]

1. d4 Nf6 2. c4 g6 3. Nc3 Bg7 4. e4 d6 5. Nf3 0-0 6. Be2 Nbd7 7. h3 e5 8. dxe5 dxe5 9. Be3 c6 10. Qd2 Qe7 11. 0-0 Nc5 12. Bg5 a5 13. Rfd1 Re8 14. Qe3 b6 15. Rd2 Ra7 16. Rad1 Rd7 17. Rxd7 Bxd7 18. Qd2 Bf8 19. Bd3 Qd6 20. Qe3 Qe6 21. Bc2 Bc8 22. b3 Nh5 23. Rd8 f6 24. Rxe8 Qxe8 25. g4 fxg5 26. gxh5 h6 27. Nxg5 hxg5 28. Qxg5 Kh7 0-1

[Event "Verbandsliga Mittelrhein-Ost 1213"]
[Site "Germany"]
[Date "2013.03.03"]
[Round "8.3"]
[White "Konzen, Horst"]
[Black "Evers, Leo"]
[Result "1/2-1/2"]
[WhiteElo "1937"]
[BlackElo "2032"]
[PlyCount "120"]
[EventDate "2012.09.09"]
[EventType "team"]
[EventRounds "11"]
[EventCountry "GER"]
[SourceTitle "EXT 2015"]
[Source "ChessBase"]
[SourceDate "2014.11.20"]
[SourceVersion "1"]
[SourceVersionDate "2014.11.20"]
[SourceQuality "1"]
[WhiteTeam "Niederkassel II"]
[BlackTeam "Koeln Porz III"]
[WhiteTeamCountry "GER"]
[BlackTeamCountry "GER"]

1. Nf3 Nf6 2. b3 d5 3. Bb2 Bf5 4. e3 e6 5. Nh4 Bg4 6. Be2 Bxe2 7. Qxe2 a6 8. f4 Bd6 9. 0-0 Nbd7 10. Nf3 c5 11. d3 Qc7 12. Nbd2 0-0 13. Rae1 e5 14. e4 Rae8 15. fxe5 Nxe5 16. Nxe5 Bxe5 17. Bxe5 Qxe5 18. Qf2 Qc3 19. exd5 Qxc2 20. Ne4 Qxf2+ 21. Kxf2 Nxd5 22. Nxc5 Rc8 23. Nxb7 Nb4 24. Re2 Nxd3+ 25. Kg3 f5 26. h3 f4+ 27. Kh2 Rc7 28. Nd6 Rc6 29. Nc4 g5 30. Rf3 Nc5 31. Re5 h6 32. Rc3 Nd7 33. Re7 Nb6 34. Rd3 Nxc4 35. Rdd7 Rfc8 36. bxc4 Rxc4 37. Rg7+ Kf8 38. Rdf7+ Ke8 39. Re7+ Kf8 40. Ref7+ Ke8 41. Ra7 Kf8 42. Rgf7+ Kg8 43. Rg7+ Kh8 44. Rh7+ Kg8 45. Rxh6 R4c6 46. Rhh7 Rg6 47. Rhb7 g4 48. hxg4 Rxg4 49. Rxa6 Rg7 50. Rxg7+ Kxg7 51. a4 Rc3 52. a5 f3 53. gxf3 Rxf3 54. Rb6 Ra3 55. a6 Kf7 56. Kg2 Ke7 57. Kf2 Kd8 58. Ke2 Kc7 59. Rg6 Kb8 60. Kd2 Ka7 1/2-1/2

[Event "Verbandsliga Mittelrhein-Ost 1213"]
[Site "Germany"]
[Date "2012.11.11"]
[Round "4.2"]
[White "Romaker, Johann"]
[Black "Konzen, Horst"]
[Result "1/2-1/2"]
[WhiteElo "1964"]
[BlackElo "1937"]
[PlyCount "62"]
[EventDate "2012.09.09"]
[EventType "team"]
[EventRounds "11"]
[EventCountry "GER"]
[SourceTitle "EXT 2015"]
[Source "ChessBase"]
[SourceDate "2014.11.20"]
[SourceVersion "1"]
[SourceVersionDate "2014.11.20"]
[SourceQuality "1"]
[WhiteTeam "Bruehl II"]
[BlackTeam "Niederkassel II"]
[WhiteTeamCountry "GER"]
[BlackTeamCountry "GER"]

1. e4 d6 2. d4 g6 3. Be3 Bg7 4. Qd2 Nf6 5. f3 a6 6. g4 h5 7. g5 Nfd7 8. h4 c5 9. c3 Nc6 10. Na3 b5 11. Nc2 Rb8 12. f4 b4 13. Bd3 bxc3 14. bxc3 Qa5 15. Ne2 0-0 16. 0-0 Qa4 17. e5 cxd4 18. cxd4 dxe5 19. fxe5 Ndxe5 20. Bf4 Nxd3 21. Bxb8 Nxb8 22. Qxd3 Bb7 23. Rf2 Rc8 24. Ne3 Qd7 25. Raf1 Nc6 26. Qb3 Nxd4 27. Nxd4 Bxd4 28. Qxf7+ Kh8 29. Qxg6 Bxe3 30. Qxh5+ Kg8 31. Qf7+ Kh8 1/2-1/2

[Event "Regionalliga Mittelrhein 1011"]
[Site "Germany"]
[Date "2010.10.24"]
[Round "1.8"]
[White "Plumanns, Dieter"]
[Black "Konzen, Horst"]
[Result "1-0"]
[WhiteElo "2005"]
[BlackElo "1903"]
[PlyCount "71"]
[EventDate "2010.10.24"]
[EventType "team"]
[EventRounds "9"]
[EventCountry "GER"]
[SourceTitle "EXT 2015"]
[Source "ChessBase"]
[SourceDate "2014.11.20"]
[SourceVersion "1"]
[SourceVersionDate "2014.11.20"]
[SourceQuality "1"]
[WhiteTeam "Aachen PTSV"]
[BlackTeam "Niederkassel"]
[WhiteTeamCountry "GER"]
[BlackTeamCountry "GER"]

1. d4 Nf6 2. Nf3 c5 3. d5 g6 4. Nc3 d6 5. e4 Bg7 6. Be2 0-0 7. 0-0 Na6 8. h3 Rb8 9. a4 Nb4 10. Bf4 Nd7 11. Qd2 Na6 12. Nd1 Nc7 13. Re1 a6 14. Bf1 Re8 15. Bh6 b5 16. Bxg7 Kxg7 17. a5 b4 18. Ne3 f6 19. Rad1 Nb5 20. Nc4 Ne5 21. Nfxe5 fxe5 22. Re3 Rf8 23. Rg3 Rf6 24. Nb6 Bd7 25. Be2 Qc7 26. Rf1 Rbf8 27. h4 Be8 28. c3 bxc3 29. bxc3 Rf4 30. Rh3 h6 31. Qe3 Bd7 32. Rh2 Qb7 33. g3 R4f6 34. f4 exf4 35. gxf4 Qc7 36. h5 1-0